| 000 | 00805cab a2200241 4500 | ||
|---|---|---|---|
| 001 | ABS59802 | ||
| 008 | 090401t1998 xxu||||| |||| 00| 0 eng d | ||
| 035 | _a(Sirsi) u90236 | ||
| 041 | _aeng | ||
| 100 | _aRyde, R. | ||
| 245 | _aGetting paid on time...will the new law help? | ||
| 260 | _c1998 | ||
| 350 | _a0 | ||
| 490 |
_aProfessional Practice Management _v16(12) December 1998, 152(1) |
||
| 520 | _aDiscussion on the impact of the introduction of the Late Payment of Commercial Debts (Interest) Act 1998. Reviews rights under the new act. | ||
| 650 |
_aContracts _96232 |
||
| 650 | _aLATE PAYMENT OF COMMERCIAL DEBTS (INTEREST) ACT 1998 | ||
| 650 | _aPROTECTION | ||
| 650 | _aSMALL BUSINESSES | ||
| 690 | _aPROPERTY-PROPERTY FINANCE AND INVESTMENT | ||
| 942 | _n0 | ||
| 948 | _c10/12/1998 | ||
| 999 |
_c57180 _d57180 |
||